Statistiques concernant Six pays les plus proches - Saint-Marin

Cliquez ici pour prendre le quiz!

Statistiques générales

  • Ce quiz a été pris 99 fois
  • Le résultat moyen est 4 sur 6

Statistiques - réponses

kmpays% Correct
0Italie
100%
221Vatican
82%
259France
79%
186Slovénie
55%
141Croatie
48%
271Bosnie-
Herzégovine
25%

Distribution des résultats

Percentile par nombre de réponses

% des personnes avec chaque résultat

Votre développement - résultats

Vous n’avez pas pris ce quiz